Nebraska School Districts (Map) (2023) - Statistics

General Stats
  • This quiz has been taken 47 times
  • The average score is 39 of 244
Answers on the Map
Answers color-coded by a green-red scale on the quiz's map according to % correct below.
 
Answer Stats
School District % Correct
Lincoln
91%
Omaha
91%
Scottsbluff
70%
North Platte
61%
Valentine
57%
Bellevue
52%
Chadron
48%
Columbus
48%
Grand Island
48%
Kearney
48%
Fremont
43%
Norfolk
39%
Ogallala
39%
Seward
39%
Ainsworth
35%
Alliance
35%
Elkhorn
35%
Gering
35%
Hastings
35%
Keya Paha
35%
Loup
35%
Mead
35%
Wahoo
35%
York
35%
Arthur
30%
Aurora
30%
Beatrice
30%
Boyd
30%
Kimball
30%
Lexington
30%
Millard
30%
Morrill
30%
Nebraska City
30%
Sioux
30%
Bennington
26%
Blair
26%
Chase
26%
Crete
26%
Garden
26%
McCook
26%
Mullen
26%
O'Neill
26%
Papillion-La Vista
26%
Perkins
26%
Plainview
26%
Thedford
26%
Westside
26%
Yutan
26%
Ashland-Greenwood
22%
Auburn
22%
Bayard
22%
Cedar Bluffs
22%
Cody-Kilgore
22%
Crawford
22%
Creighton
22%
David City
22%
Douglas
22%
Fairbury
22%
Falls City
22%
Gordon-Rushville
22%
Gothenburg
22%
Gretna
22%
Johnson
22%
Madison
22%
Milford
22%
Mitchell
22%
Pender
22%
Plattsmouth
22%
Ralston
22%
Sidney
22%
South Platte
22%
South Sioux City
22%
Stanton
22%
Wayne
22%
West Point
22%
Adams Central
17%
Alma
17%
Banner
17%
Battle Creek
17%
Brady
17%
Burwell
17%
Fort Calhoun
17%
Hayes Center
17%
Hershey
17%
Hitchcock
17%
Holdrege
17%
Hyannis
17%
Louisville
17%
Malcolm
17%
Maxwell
17%
McPherson
17%
Paxton
17%
Pierce
17%
Ponca
17%
Potter-Dix
17%
Raymond Central
17%
Red Cloud
17%
Rock
17%
Schuyler
17%
Superior
17%
Sutherland
17%
Sutton
17%
West Holt
17%
Wisner-Pilger
17%
Arlington
13%
Blue Hill
13%
Boone
13%
Bridgeport
13%
Broken Bow
13%
Central City
13%
Creek Valley
13%
Crofton
13%
Dundy Stratton
13%
Elgin
13%
Fillmore Central
13%
Franklin
13%
Friend
13%
Hay Springs
13%
Hemingford
13%
Homer
13%
Laurel-Concord
13%
Leigh
13%
Leyton
13%
McCool Junction
13%
Minatare
13%
Niobrara
13%
Ord
13%
Osmond
13%
Pawnee City
13%
Randolph
13%
Sandhills
13%
Sargent
13%
Southwest
13%
Stapleton
13%
St. Paul
13%
Thayer Central
13%
Tri County
13%
Verdigre
13%
Wauneta-Palisade
13%
Weeping Water
13%
Wheeler Central
13%
Wilber-Clatonia
13%
Winnebago
13%
Wynot
13%
Allen
9%
Ansley
9%
Arapahoe
9%
Arnold
9%
Bloomfield
9%
Bruning-Davenport
9%
Callaway
9%
Cambridge
9%
Centennial
9%
Chambers
9%
Clarkson
9%
Cross
9%
Diller-Odell
9%
Dorchester
9%
East Butler
9%
Elkhorn Valley
9%
Exeter-Milligan
9%
Fullerton
9%
Gibbon
9%
Giltner
9%
Hartington Newcastle
9%
Harvard
9%
Kenesaw
9%
Lakeview
9%
Logan View
9%
Loup City
9%
Maywood
9%
Medicine Valley
9%
Meridian
9%
Minden
9%
Neligh-Oakdale
9%
Newman Grove
9%
North Bend Central
9%
Ravenna
9%
Shickley
9%
Southern Valley
9%
Stuart
9%
Summerland
9%
Tekamah-Herman
9%
Wakefield
9%
Walthill
9%
Winside
9%
Anselmo-Merna
4%
Arcadia
4%
Axtell
4%
Central Valley
4%
Centura
4%
Conestoga
4%
Cozad City
4%
Deshler
4%
Doniphan-Trumbull
4%
Elba
4%
Elmwood-Murdock
4%
Elwood
4%
Emerson-Hubbard
4%
Eustis-Farnam
4%
Hampton
4%
Heartland
4%
High Plains
4%
Humboldt Table Rock Steinauer
4%
Humphrey
4%
Lyons-Decatur Northeast
4%
Oakland Craig
4%
Pleasanton
4%
Santee
4%
Scribner-Snyder
4%
Silver Lake
4%
St. Edward
4%
Sterling
4%
Wallace 65 R
4%
Wausa
4%
Wilcox-Hildreth
4%
Wood River
4%
Amherst
0%
Bancroft-Rosalie
0%
Bertrand
0%
Dodge-Howells
0%
Elm Creek
0%
Freeman
0%
Johnson-Brock
0%
Lewiston
0%
Litchfield
0%
Loomis
0%
Norris 160
0%
Northwest
0%
Osceola
0%
Overton
0%
Palmer
0%
Palmyra District OR-1
0%
Riverside
0%
Shelby-Rising
0%
Shelton
0%
South Central Nebraska
0%
Southern School District 1
0%
Springfield Platteview
0%
Sumner-Eddyville-Miller
0%
Syracuse-Dunbar-Avoca
0%
Twin Rivers
0%
Umo N Ho N Nation
0%
Waverly School District 145
0%
No matching quizzes found
Score Distribution
Percent of People with Each Score
Percentile by Number Answered
Your Score History
You have not taken this quiz